00567cam a22001935a 450000100060000000300080000600500170001400800410003103500190007204000320009104100080012308200220013110000210015324500410017426000410021530000340025650000400029065100430033025969BD-RjUL20211209050943.0140319s1989 bg a 000 0 eng  a(BD-RjUL)26039 aDLCcDLCdDLCdBD-RjULbeng aeng04a954.145bSAB 19891 aSafiullah, K.M. 10aBangladesh at war /cK.M. Safiullah. aDhaka :bAcademic Publishers,c1989. axiv, 227 p. :bill. ;c22 cm. aAccount of the 1971 liberation war. 0aBangladeshxHistoryyRevolution, 1971.